| 000 | 00514nam a2200193Ia 4500 | ||
|---|---|---|---|
| 003 | GCL | ||
| 008 | 140319s9999 xx 000 0 eng d | ||
| 040 |
_aGCL / _cGCL |
||
| 082 | 0 | 4 |
_a552 _bR P |
| 100 | 1 | _aRAYMOND, LOREN | |
| 245 | 1 | 0 |
_aPETROLOGY: THE STUDY OF IGNEOUS SEDIMENTARY METAMORPHIC / _cRAYMOND, LOREN |
| 260 |
_a[S.N] : _bWM. C. BROWN PUBLISHERS ، _c1995 |
||
| 300 | _a742 P P | ||
| 650 | 0 | 4 | _aMETAMORPHISM |
| 650 | 0 | 4 | _aPETROLOGY |
| 650 | 0 | 4 | _aIGNEOUS |
| 650 | 0 | 4 | _aSEDIMENTARY |
| 942 |
_2ddc _cBK |
||
| 999 |
_c10296 _d10296 |
||